Histoire du drapeau du Palaos - Statistiques

Statistiques générales
  • Ce quiz a été pris 47 fois
  • Le résultat moyen est 5 sur 7
Statistiques - réponses
Hint Réponse % Correct
Palaos (drapeau actuel depuis 1994)
100%
Mandat japonais des îles du Pacifique (1919-1947)
94%
Nouvelle-Guinée allemande (1899-1919)
88%
Index orientales espagnoles (1885-1899)
88%
Troisième drapeau des territoires sous tutelle des îles du Pacifique (1965-1994)
82%
Premier drapeau des territoires sous tutelle des îles du Pacifique (1947-1960)
36%
Deuxième drapeau des territoires sous tutelle des îles du Pacifique (1960-1965)
27%
Aucun quiz correspondant
Distribution des résultats
% des personnes avec chaque résultat
Percentile par nombre de réponses
Votre historique - résultats
Vous n’avez pas pris ce quiz